00455nam a2200181 a 4500001001300000003000900013005001700022008004100039020000900080082002000089100001900109245003500128260002800163300000900191500003500200650001900235700001900254nice12345678IN_TiNIC20260116013130.0070718s1995 boma grp 000 0 eng  ac8500a266.00954bMAT3 aMattam, Joseph aDimensions of Mission in India aBombaybSt. Paulsc1995 a216p aincludes index and biblioraphy aMissions-India1 aMattam, Joseph